Normal view
MARC view
- Martín Barrado, Antonio David
Entry Nombre Personal
001 - NUMERO DE CONTROL
- campo de control: 49238
003 - IDENTIFICADOR DE NUMERO DE CONTROL
- campo de control: UPN
005 - FECHA Y HORA DE LA ÜLTIMA TRANSACCIÓN
- campo de control: 20230609114923.0
008 - DATOS DE LONGITUD FIJA
- campo de control de longitud fija: 230609|| acn||aabn | a|a d
040 ## - FUENTE DE CATALOGACIÓN
- Agencia original de catalogación: MX-MxUPN
100 1# - ENCABEZAMIENTO - NOMBRE PERSONAL
- Nombre personal: Martín Barrado, Antonio David
370 ## - LUGAR ASOCIADO
- Place of birth: Sevilla, España
371 ## - DIRECCIÓN
- Electronic mail address: antoniodavid.psicologo@hotmail.com
372 ## - CAMPO DE ACTIVIDAD
- Field of activity: Ciencias sociales, ,psicología
- Field of activity: Docencia
373 ## - GRUPO ASOCIADO
- Associated group: Universidad de Sevilla. Departamento de Psicología Experimental
374 ## - OCUPACIÓN
- Occupation: Profesor universitario
670 ## - FUENTE EN LA QUE SE LOCALIZARON DATOS
- Cita de la fuente: En recurso en línea Análisis y modificación de conducta Vol. 49, no. 180 (2023):
- Información localizada: página 117 (Antonio David Martín Barrado)
- Uniform Resource Identifier: http://www.uhu.es/publicaciones/ojs/index.php/amc/article/view/7659
902 ## - CATALOGADOR
- Catalogador: RGJD/090623
